Регионална библиотека "Любен Каравелов" - Русе

Шилер (Запис номер 420508)

MARC детайли
000 -Лидер
Контролно поле с фиксирана дължина nam a22 a 4500
003 - Код на организацията, давaща контролен номер
Контролно поле BLK
005 - Дата и час на последна редакция
Контролно поле 20210618121113.0
008 - Елементи от данни с фиксирана дължина
fixed length control field 210618b bu |||||r|||| 00| | bu d
040 ## - Източник на каталожния запис
Идентификатор на билиотеката - собственик на записа BLK
041 ## - Код за език
Код за езика на текст/звукозапис или на отделно заглавие Български
Код за езика КДБФ Български
080 ## - УДК
Текстов определител УДК Литературна критика
УДК код - определител по УДК 82.09
УДК - код + определител 82.09
080 ## - УДК
Текстов определител УДК Шилер, Фридрих
УДК код - определител по УДК 929 Шилер, Фридрих
УДК - код + определител 929 Шилер, Фридрих
100 ## - Редна дума - Автор
R(LIN) 1299
Автор Симон, Шарл
Авторска отговорност първи автор
139 ## - Редно поле
Редна дума Симон, Шарл
245 ## - Сведения за заглавието
Заглавие Шилер
Подзаглавни данни Човекът и делото; Прев. Недьо Горинов
Редно поле (дума) Шарл Симон
260 ## - Област на издателските данни
9 (RLIN) 441842
Място на издаване, разпространение и проч. Пловдив
Име на издателя, разпространителя и проч. б. и.
Година на издаване 1920
Печатница Пловдив : Отец Паисий
300 ## - Физическа характеристика
Страници 119 с.
Размери/Мащаб 14 см
380 ## - Жанр
Жанр Литературознание
490 ## - СЕРИИ (Колекции)
9 (RLIN) 204751
Име на серия Библиотека Ралица
№: серия 25-40
700 ## - Други автори (авторска отговорност)
9 (RLIN) 966
Лично име Горинов, Недьо Иванов
Автороска отговорност (Описва отношението между автора и произведението) прев.
852 ## - Местоположение
Форматна сигнатура Цб 8.145.5822
Фондова буква Хранилище
999 ## - СИСТЕМНИ КОНТРОЛНИ НОМЕРА
Koha biblionumber 420508
Koha biblioitemnumber 420508
942 ## - АРТИКУЛИ
Вид на библиотечния материал Книги
Скрит в OPAC Не
Периодичен библиозапис Да
944 ## - СЪЗДАВАНЕ И РЕДАКЦИЯ на ЗАПИСА
Създаване/Редакция Създаване
Дата на регистрацията/редакция 2021-06-18
Служител, извършил регистрацията/редакцията А.М.
999 ## - СИСТЕМНИ КОНТРОЛНИ НОМЕРА
Koha biblioitemnumber 420508
999 ## - СИСТЕМНИ КОНТРОЛНИ НОМЕРА
Koha biblioitemnumber 420508
Наличности
Код за отписване Код за изгубен артикул Източник на класификационната схема Код за повреда Коз за рестрикции Код за отдаване Артикулен № Име на библиотеката - собственик Име на библиотеката, в която се намира в момента Статус (Текущо местоположение) Дата на вписване в системата Местоположение - отдел Цена в лева Инвентарен номер Систематично азбучна сигнатура Баркод Цена в евро Служебен тип на артикула
  Не е изгубен Universal Decimal Classification Не е повреден само за читалня ползва се в читалня 838276 Регионална библиотека "Любен Каравелов" Русе Регионална библиотека "Любен Каравелов" Русе Хранилище 2021-06-21 Основен фонд - ползва се само за читалня 0.10 5822 Цб 8.145.5822 900000065639 0.05 Книги
Vip Innovations Ltd, Rousse, Bulgaria 2025